| 000 | 00762cam a2200205 4500 | ||
|---|---|---|---|
| 001 | WB3711-30 | ||
| 008 | 000000n2001 000 0 eng u | ||
| 035 | _a(Sirsi) u111420 | ||
| 245 | _aCBRE launches Euro team | ||
| 260 | _c2001 | ||
| 490 |
_aProperty Week _v66(10) 9 March 2001, 3(1) |
||
| 520 | _aCB Richard Ellis is tackling Europe's emerging markets with the launch of a pan-European industrial and logistics network, with clients Excel and Tibbett & Britten on board. The new network will cover 19 countries through Europe, Israel and South Africa. | ||
| 590 | _aWB | ||
| 650 | _aCBRE | ||
| 650 | _aEXPANSION | ||
| 650 | _aEUROPE | ||
| 650 | _aINDUSTRIAL MARKET | ||
| 690 | _aMANAGEMENT-BUSINESS MANAGEMENT-PROFESSIONAL PRACTICE | ||
| 942 | _n0 | ||
| 999 |
_c66387 _d66387 |
||